| 000 | 00993nam a2200325Ia 4500 | ||
|---|---|---|---|
| 001 | Z_6379 | ||
| 003 | CHAP | ||
| 008 | 220113s2012 xx 000 0 und d | ||
| 010 | _a169638 | ||
| 020 | _a978-0-07-176576-3 | ||
| 040 | _cCHAP | ||
| 082 | _a574.192 H37y 2012 | ||
| 240 | _aHarper´s ilustrated biochemistry | ||
| 245 |
_aHarper bioquímica ilustrada / _cRobert K. Murray...[et. al.]; traducción Bernardo Rivera Muñoz |
||
| 250 | _a29a ed. | ||
| 260 |
_aChina : _bMcGraw-Hill, _c2012 |
||
| 300 | _axiv, 861 p. | ||
| 500 | _aTraducido de la obra en inglés: Harper´s ilustrated biochemistry de la 2a ed. en español por McGraw-Hill | ||
| 503 | _aej.1: REPOSICION | ||
| 504 | _aIncluye bibliografía e índice | ||
| 650 |
_aBioquímica _912849 |
||
| 700 |
_a Rivera Muñoz, Bernardo, tr. _9144605 |
||
| 700 |
_aMurray, Robert K., aut. ed. _9144606 |
||
| 901 | _a574.192 H37Y 2012 | ||
| 902 | _aA | ||
| 910 | _a2012 | ||
| 942 | _c1 | ||
| 942 | _cc1 | ||
| 999 |
_c169638 _d169638 |
||